Người lính với bầu trời Hà Nội Hồi ký

Nội dung được chia làm 6 chương. Ch.1: Quê hương, gia đình và thời niên thiếu; Ch.2: Nhập ngũ và tham gia chiến đấu chống chiến tranh phá hoại lần thứ nhất của không quân Mỹ, bảo vệ Hà Nội (1967 - 1971); Ch.3: Tham gia chiến đấu chống chiến tra...

Full beskrivning

Sparad:
Bibliografiska uppgifter
Huvudupphovsman: Nguyễn, Đình Kiên
Materialtyp: Bok
Språk:Undetermined
Publicerad: H. Quân đội nhân dân 2012
Ämnen:
Länkar:http://lrc.tdmu.edu.vn/opac/search/detail.asp?aID=2&ID=20432
Taggar: Lägg till en tagg
Inga taggar, Lägg till första taggen!
Thư viện lưu trữ: Trung tâm Học liệu Trường Đại học Thủ Dầu Một
LEADER 01150nam a2200217Ia 4500
001 TDMU_20432
008 210410s9999 xx 000 0 und d
082 |a 895.922803 
090 |b NG527 
100 |a Nguyễn, Đình Kiên 
245 0 |a Người lính với bầu trời Hà Nội 
245 0 |b Hồi ký 
245 0 |c Nguyễn Đình Kiên 
260 |a H. 
260 |b Quân đội nhân dân 
260 |c 2012 
300 |a 322tr. 
520 |a Nội dung được chia làm 6 chương. Ch.1: Quê hương, gia đình và thời niên thiếu; Ch.2: Nhập ngũ và tham gia chiến đấu chống chiến tranh phá hoại lần thứ nhất của không quân Mỹ, bảo vệ Hà Nội (1967 - 1971); Ch.3: Tham gia chiến đấu chống chiến tranh phá hoại lần thứ hai của không quân Mỹ, bảo vệ Hà Nội (năm 1972)... 
650 |a Văn học Việt Nam  |v Hồi ký 
856 |u http://lrc.tdmu.edu.vn/opac/search/detail.asp?aID=2&ID=20432 
980 |a Trung tâm Học liệu Trường Đại học Thủ Dầu Một